Języki map Google - wschodnie Morze Śródziemne - Statystyki

Ogólne statystyki
  • Ten quiz został rozwiązany 21 razy
  • Średni wynik to 10 z 16
Statystyki odpowiedzi
Obrazkowy Odpowiedź % Poprawnych
Angielski
100%
Chiński
74%
Japoński
74%
Niemiecki
74%
Polski
74%
Rosyjski
74%
Ukraiński
74%
Grecki
68%
Czeski
63%
Węgierski
63%
Francuski
53%
Hebrajski
53%
Hiszpański
47%
Duński
42%
Portugalski
42%
Fiński
37%
Nie znaleziono quizów pasujących do podanych kryteriów
Rozkład punktacji
Procent ludzi z każdym wynikiem
Percentyl według liczby udzielonych odpowiedzi
Twoja historia wyników
Nie rozwiązałeś tego quizu